000 00358 a2200157 4500
001 154707
040 _cEscola São Tomás de Aquino
100 _aBERUTTI, Flávio
240 1 0 _aA Abolição da Escravatura.
_lpor
245 1 0 _aA Abolição da Escravatura.
300 _a53
362 0 _a2002
440 1 _aEdiouro
697 _aHISTÓRIA
942 _cBK
999 _c154707
_d154707